Paid in blood. #2 / William W. Johnstone with J.A. ... Read More
Available copies
- 3 of 3 copies available at LARL/NWRL Consortium.
- 1 of 1 copy available at Lake Agassiz Regional Library. (Show preferred library)
Current holds
0 current holds with 3 total copies.
Show Only Available Copies
| Location | Call Number / Copy Notes | Barcode | Shelving Location | Status | Due Date |
|---|---|---|---|---|---|
| Moorhead Public Library | W JOH (Text) | 33500012772422 | Main | Available | - |
| Grygla LINK Site | pb (Text) | 35500005943608 | Main | Available | - |
| Roseau Public Library | JOH (Text) | 35500006092900 | Main | Available | - |
Record details
- ISBN: 9780786038039
- ISBN: 0786038039
- ISBN: 0786044853
- ISBN: 9780786044856
- Physical Description: 410 pages ; 18 cm
- Publisher: New York, NY : Pinnacle Books/Kensington Publishing, [2016]
- Copyright: ©2016
Content descriptions
| General Note: | "Pinnacle western"--Spine. |
| Summary, etc.: | "When a wealthy cattle baroness hires Joe Buckhorn ... Read More |
Search for related items by subject
| Subject: | Cattle stealing > Fiction. Texas > History > 19th century > Fiction. |
| Genre: | Western fiction. Fiction. History. Western stories. |
Search for related items by series
| LDR | 02023cam a2200397Ii 4500 | ||
|---|---|---|---|
| 001 | 225752 | ||
| 003 | LARL_NWRL_CONSORTIUM | ||
| 005 | 20190129174302.0 | ||
| 008 | 160930t20162016nyu 000 1 eng d | ||
| 019 | . | ‡a962077585 | |
| 020 | . | ‡a9780786038039 | |
| 020 | . | ‡a0786038039 | |
| 020 | . | ‡a0786044853 ‡q(paperback) | |
| 020 | . | ‡a9780786044856 ‡q(paperback) | |
| 035 | . | ‡a(OCoLC)959614659 ‡z(OCoLC)962077585 | |
| 082 | 0 | 4. | ‡a[Fic] ‡223 |
| 100 | 1 | . | ‡aJohnstone, William W., ‡eauthor. ‡0(LARL_NWRL_CONSORTIUM)91523 |
| 245 | 1 | 0. | ‡aPaid in blood. ‡n#2 / ‡cWilliam W. Johnstone with J.A. Johnstone. |
| 246 | 3 | 0. | ‡aBuckhorn : ‡bpaid in blood |
| 264 | 1. | ‡aNew York, NY : ‡bPinnacle Books/Kensington Publishing, ‡c[2016] | |
| 264 | 4. | ‡c©2016 | |
| 300 | . | ‡a410 pages ; ‡c18 cm | |
| 336 | . | ‡atext ‡btxt ‡2rdacontent | |
| 337 | . | ‡aunmediated ‡bn ‡2rdamedia | |
| 338 | . | ‡avolume ‡bnc ‡2rdacarrier | |
| 490 | 0 | . | ‡aBuckhorn ; ‡v2 |
| 500 | . | ‡a"Pinnacle western"--Spine. | |
| 520 | . | ‡a"When a wealthy cattle baroness hires Joe Buckhorn to track down her son, it sounds like easy money. But when he learns that the boy has run off with a girl--whose father is the leader of the cattle-rustling Riley clan--Buckhorn's only hope is to infiltrate the gang. Gain their trust. Live the outlaw life, even at the risk of death. There's just one problem: there's more than one gang. The Riley girl may have stolen a runaway boy's heart but the other gangs are stealing the baroness's cattle. Which puts Buckhorn in the middle of a violent, bloodsoaked range wars. If he chooses the wrong side, he's as good as dead...but if he follows his gut and lives, there's going to be the darkest kind of hell to pay...." -- Back cover. | |
| 650 | 0. | ‡aCattle stealing ‡vFiction. ‡0(LARL_NWRL_CONSORTIUM)164140 | |
| 651 | 0. | ‡aTexas ‡xHistory ‡y19th century ‡vFiction. | |
| 648 | 7. | ‡a1800-1899 ‡2fast | |
| 655 | 7. | ‡aWestern fiction. ‡2lcgft | |
| 655 | 7. | ‡aFiction. ‡2fast | |
| 655 | 7. | ‡aHistory. ‡2fast | |
| 655 | 7. | ‡aWestern stories. ‡2fast | |
| 700 | 1 | . | ‡aJohnstone, J. A., ‡eauthor. ‡0(LARL_NWRL_CONSORTIUM)196048 |
| 901 | . | ‡a225752 ‡b ‡c225752 ‡tbiblio | |

Add to basket
Permalink
Disable Highlighting